Transformaciones en las organizaciones del trabajo. (Registro nro. 2116)

Detalles MARC
000 -CABECERA
campo de control de longitud fija 02294nam a2200265Ia 4500
003 - IDENTIFICADOR DEL NÚMERO DE CONTROL
campo de control AR-RoIUNI
005 - FECHA Y HORA DE LA ÚLTIMA TRANSACCIÓN
campo de control 20210317101747.0
008 - DATOS DE LONGITUD FIJA--INFORMACIÓN GENERAL
campo de control de longitud fija 150616s2014 ag r 000 0 spa d
020 ## - NÚMERO INTERNACIONAL ESTÁNDAR DEL LIBRO
Número Internacional Estándar del Libro 9789877020359
040 ## - FUENTE DE LA CATALOGACIÓN
Centro/agencia transcriptor AR-RoIUNI
080 ## - NÚMERO DE LA CLASIFICACIÓN DECIMAL UNIVERSAL
Número de la Clasificación Decimal Universal 331
245 00 - MENCIÓN DE TÍTULO
Título Transformaciones en las organizaciones del trabajo.
Número de parte o sección de la obra Tomo II :
Resto del título salud y ampliación de la cuidadanía /
Mención de responsabilidad, etc. compiladores Victor F. Quiroga, María Romina Cattaneo.
260 ## - PUBLICACIÓN, DISTRIBUCIÓN, ETC. (PIE DE IMPRENTA)
Lugar de publicación, distribución, etc. Rosario :
Nombre del editor, distribuidor, etc. UNR editora,
Fecha de publicación, distribución, etc. 2014.
300 ## - DESCRIPCIÓN FÍSICA
Extensión 289 p. ;
Dimensiones 30 cm
500 ## - NOTA GENERAL
Nota general En cubierta: Red iberoaméricana de psicología de las organizaciones y del trabajo. (RIPOT)
505 2# - NOTA DE CONTENIDO CON FORMATO
Título Los procesos temporales en las organizaciones del trabajo: validación y utilidad aplicada de la escala de consideración de las consecuencias futuras /
Mención de responsabilidad Martín Ana, Ortuño Victor E. C., Vázquez Echeverría Alejandro --
Título Estudo realizado sobre qualidade de vida no trabalho na empresa Resicolor Tintas /
Mención de responsabilidad Oliveira Batiste Aline, ... [et al.] --
Título Reaprendizaje de la afectividad para prevenir la violencia. Una perspectiva biocéntrica /
Mención de responsabilidad Perlo, Claudia Liliana , López Romorini, María Verónica --
Título La cultura organizacional como factor para el desarrollo organizacional en micros, pequeñas y medianas empresas dl sur de Jalisco. México /
Mención de responsabilidad Ramírez Lira, Ezequiel , ... [et al.] --
Título Bases do comprometimento de trabalhadores de uma organizaçao do terceiro setor em Florianópolis /
Mención de responsabilidad Riggenbach, Deborah , Zinder, Ramiro , Muniz Póvoas, Daniele --
Título Construyendo nuevas miradas sobre la discapacidad /
Mención de responsabilidad Sánchez, María Elisa --
Título Melhorias à saúde dos trabalhadores advindas da práctica de yoga no trabalho: experiência da Petrobras Distribuidora S.A.: em Santa Catarina /
Mención de responsabilidad Silveira Martins, Fabiane, ... [et al.] --
Título Perspectivas epistemológicas em gestao de pessoas para o combate e prevençao ao assédio moralno trabalho /
Mención de responsabilidad Soares Cugnier, Joana , da Rosa Tolfo, Suzana --
Título La estacionalidad en una organización de servicios: perspectivas desde el modelo psicológico de análisis organizacional /
Mención de responsabilidad Wittke, Tommy.
650 #4 - PUNTO DE ACCESO ADICIONAL DE MATERIA--TÉRMINO DE MATERIA
Término de materia o nombre geográfico como elemento inicial PSICOLOGÍA
9 (RLIN) 108
650 #4 - PUNTO DE ACCESO ADICIONAL DE MATERIA--TÉRMINO DE MATERIA
Término de materia o nombre geográfico como elemento inicial PSICOLOGÍA DEL TRABAJO
650 #4 - PUNTO DE ACCESO ADICIONAL DE MATERIA--TÉRMINO DE MATERIA
Término de materia o nombre geográfico como elemento inicial ORGANIZACIONES
650 #4 - PUNTO DE ACCESO ADICIONAL DE MATERIA--TÉRMINO DE MATERIA
Término de materia o nombre geográfico como elemento inicial TRABAJO
700 1# - PUNTO DE ACCESO ADICIONAL--NOMBRE DE PERSONA
Nombre de persona Quiroga, Victor F.
700 1# - PUNTO DE ACCESO ADICIONAL--NOMBRE DE PERSONA
Nombre de persona Cattaneo, María Romina.
710 #2 - PUNTO DE ACCESO ADICIONAL--NOMBRE DE ENTIDAD CORPORATIVA
Nombre de entidad corporativa o nombre de jurisdicción como elemento de entrada RIPOT
942 ## - ELEMENTOS DE PUNTO DE ACCESO ADICIONAL (KOHA)
Tipo de ítem Koha Libros
Fuente del sistema de clasificación o colocación Clasificación Decimal Universal
Existencias
Estado de retiro Estado de pérdida Fuente del sistema de clasificación o colocación Estado dañado Excepción de préstamo Código de colección Localización permanente Ubicación/localización actual Ubicación en estantería Fecha de adquisición Número de inventario Total de préstamos Signatura topográfica completa Código de barras Fecha visto por última vez Número de copia Precio válido a partir de Tipo de ítem Koha
    Clasificación Decimal Universal     Psicología BIBLIOTECA RIOBAMBA BIBLIOTECA RIOBAMBA BIBLIOTECA RIOBAMBA 16/06/2015 2117   331 TRA 2117 16/06/2015 1 16/06/2015 Libros
    Clasificación Decimal Universal     Psicología BIBLIOTECA RIOBAMBA BIBLIOTECA RIOBAMBA BIBLIOTECA RIOBAMBA 15/01/2016 2987   331 TRA 2987 15/01/2016 2 15/01/2016 Libros